Harrap's Business English through Case Studies (Record no. 7076)

MARC details
000 -LEADER
fixed length control field 00408nam a2200157Ia 4500
008 - FIXED-LENGTH DATA ELEMENTS--GENERAL INFORMATION
fixed length control field 230312s9999||||xx |||||||||||||| ||und||
020 ## - INTERNATIONAL STANDARD BOOK NUMBER
International Standard Book Number 0-245-53347-8
082 ## - DEWEY DECIMAL CLASSIFICATION NUMBER
Classification number 808.042024
Item number COT-H
100 ## - MAIN ENTRY--PERSONAL NAME
Personal name Cotton;David
245 #0 - TITLE STATEMENT
Title Harrap's Business English through Case Studies
260 ## - PUBLICATION, DISTRIBUTION, ETC.
Name of publisher, distributor, etc. Harrap Limited
Place of publication, distribution, etc. London
Date of publication, distribution, etc. 1984
300 ## - PHYSICAL DESCRIPTION
Extent 127
546 ## - LANGUAGE NOTE
Language note Eng.
650 ## - SUBJECT ADDED ENTRY--TOPICAL TERM
Topical term or geographic name entry element Management
Form subdivision Case Studies
942 ## - ADDED ENTRY ELEMENTS (KOHA)
Koha item type BOOK
Holdings
Withdrawn status Lost status Source of classification or shelving scheme Damaged status Not for loan Home library Current library Date acquired Total Checkouts Full call number Barcode Date last seen Price effective from Koha item type
    Dewey Decimal Classification     Superior Information Resource Center (SIRC) Superior University- Central Library Superior Information Resource Center (SIRC) Superior University- Central Library 03/13/2023   808.042024 COT-H 7181 03/13/2023 03/13/2023 BOOK

Powered by Koha